000 00456pab a2200157 454500
008 180718b2015 xxu||||| |||| 00| 0 eng d
100 _aShankar, V Kalyan
245 _aWhat does an MA know?: postgraduate learning deficits and the dimpola disease in social sciences
260 _c2015
300 _ap.40-48.
362 _a1 Aug
650 _aHigher education
700 _aSahni, Rohini
773 _aEconomic and Political Weekly
909 _a108701
999 _c108696
_d108696